000 00541cam a22002054a 4500
005 20250605164202.0
008 250528s ||||||||||||||||||||||||d
035 _a19762
020 _a880114819
040 _aGR-AtMCL
_bgre
_dGR-AtMCL
_eAACR2
245 1 _aΜΕΘΟΔΟΙ ΕΡΕΥΝΑΣ ΣΤΗ ΦΥΣΙΚΗ ΔΡΑΣΤΗΡΙΟΤΗΤΑ
250 _a3
260 _bBroken Hill Publishers,
_c2016
300 _a623
700 1 _aNelson Jack
_94112
700 1 _aThomas Jerry
_94113
942 _cBK
999 _c5018
_d5018